| 000 | 00000nam##2200000za#4500 |
| 001 | 9.615859 |
| 003 | CaOODSP |
| 005 | 20200514165640 |
| 007 | ta |
| 008 | 150406|2001||||xxc||||| f|0| 0 eng|d |
| 020 | |a0-662-31487-5 |
| 040 | |aCaOODSP|beng |
| 043 | |an-cn--- |
| 086 | 1 |aNH18-22/101-140E |
| 110 | 2 |aCanada Mortgage and Housing Corporation. |
| 245 | 10|a2001 building failures study |
| 260 | |aOttawa - Ontario : |bCanada Mortgage and Housing Corporation |c2001. |
| 300 | |a4p. : |bfig., tables ; |c28 cm. |
| 490 | 1 |aResearch highlight. Technical series |v01-140 |
| 563 | |aPamphlet |
| 590 | |a01-51|b2001-12-28 |
| 690 | 07|aResearch|2gcpds |
| 690 | 07|aBuildings|2gcpds |
| 775 | 08|tÉtude portant sur les défaillances dans les bâtiments - 2001 |w(CaOODSP)9.625863 |
| 776 | 0#|t2001 building failures study |w(CaOODSP)9.572301 |
| 830 | #0|aResearch highlight. Technical series ;|v01-140|w(CaOODSP)9.514826 |
| 986 | |aNHA 60975 |